English for the Hotel and Tourism Industry

Salvato in:
Dettagli Bibliografici
Natura: Libro
Pubblicazione: 2010
Tags: Aggiungi Tag
Nessun Tag, puoi essere il primo ad aggiungerne! !
Thư viện lưu trữ: Mạng thư viện Đại học Đà Nẵng
LEADER 00451nam a22001811a 4500
001 000038525
003 14820
005 20160412021323.0
008 160412s2010 000
082 |a 4A(07)2677 
245 |a English for the Hotel and Tourism Industry  |c Hồ Minh Thu 
260 |c 2010 
OWN |a LNN 
999 |a From the UDN01 
TYP |a Monograph 
980 |a Mạng thư viện Đại học Đà Nẵng